000 01110nam a2200337Ia 4500
001 Para_9912
003 CHAP
005 20230905144626.0
008 220125s2006 xx 000 0 und d
010 _a205296
020 _a978 - 84 - 8021 - 601 - 2 (o.c.)
040 _cCHAP
082 _aPA 581.1 T35 2006
100 _aTaiz, Lincoln
_9111370
245 _aFisiología vegetal /
_c Lincoln Taiz, Eduardo Zeiger; tr. Beatriz Blat Egea
250 _a3
260 _aCastelló de la plata :
_b Publicacions de la Universitat Jaume
300 _a2 V. + 1 disco compacto
440 _aCiencies experimentals; 10
_9171319
500 _aTraducción de: Plant physiology \ Incluye referencias bibliográficas e índice
650 _aFisiología vegetal
_941136
650 _aPlantas
_x Anatomia
_9171320
700 _aI.Zeiger, Eduardo, coaut
_9171321
700 _all.Beatriz Blat Egea, tr.
_9171322
901 _aPA 581.1 T35 2006
902 _aM
905 _a5222202006 an 8000000300 06
910 _a2006
942 _cPARA
_2ddc
942 _cPARA
_2ddc
999 _c205296
_d205296